O mundo da ciência (Registo nº 4311)

Detalhes MARC
000 -Etiqueta do registo
Cabeçalho 00889cam a2200313 4500
005 - Identificador da versão
Campo de controlo 20240813122058.0
095 ## -
-- PTBN00831310
010 ## - Número internacional normalizado dos livros (ISBN)
Número (ISBN) 972221702X
021 ## - Número do Depósito Legal
Código do país PT
Número 91894/95
100 ## - Dados gerais de processamento
Dados gerais de processamento 19960830d1995 d y0pory5003 ba
102 ## - Pais de publicação ou produção
País de publicação Portugal
101 1# - Língua de publicação
Língua do texto, banda sonora, etc. Português
Língua do documento no original Inglês
106 ## - Campo de dados codificados: material textual
Dados codificados do material textual r
105 ## - Campo de dados codificados: livros
Dados codificados dos livros a z 001yy
215 ## - Descrição física 
Indicação específica da natureza do documento e extensão da espécie 49 p.
Outras indicações físicas il.
Dimensões 31 cm
200 1# - Titulo e menção de responsabilidade
Título próprio O mundo da ciência
Primeira menção de responsabilidade concebida por Dorling Kindersley
Outras menções de responsabilidade pesquisa fotográfica Paul Snelgrove
-- trad. Eduarda Vasconcelos
225 1# - Colecção 
Título próprio da colecção Vamos conhecer
Indicação de volume 10
210 ## - Publicação, Distribuição, etc. 
Lugar da edição, distribuição, etc. Lisboa
Nome do editor, distribuidor, etc. Verbo
Data da publicação, distribuição, etc. D.L. 1995
304 ## - Notas relativas a título e menção de responsabilidade 
Texto da nota Tít. orig.: Science
675 ## - Classificação Decimal Universal (CDU)
Notação 087.5
Edição BN
Língua da edição por
Notação 165
Edição BN
Língua da edição por
702 #1 - Nome de autor-pessoa física (responsabilidade secundária)
Número de registo de entrada de autoridade 0000815
Palavra de ordem Vasconcelos
Outra parte do nome não tomada para palavra de ordem Eduarda
Número de registo de entrada de autoridade 0000678
Palavra de ordem Snelgrove
Outra parte do nome não tomada para palavra de ordem Paul
Código de função Fotógrafo
700 ## - Nome de autor-pessoa física (responsabilidade principal)
Número de registo de entrada de autoridade 0000677
Palavra de ordem Dorling Kindersley
942 ## - Elementos de entrada adicionados (Koha)
Tipo de item no Koha Livro
Exemplares
Situação do levantamento Origin of item (home branch) (coded) Biblioteca de empréstimo Código de barras Cota Circulation type (not for loan) Tipo de documento Nota do exemplar Damaged status
  Biblioteca Escolar das Vendas Biblioteca Escolar das Vendas BEV955 5 MUN   Livro Sem mensagem